|
|
|
|
| LEADER |
00000nas a2200000 a 4500 |
| 001 |
ssj0000613769 |
| 003 |
WaSeSS |
| 005 |
20200512172242.0 |
| 006 |
m d |
| 007 |
cr n |
| 008 |
110829d20102017ua uu p s 0 0eng |
| 010 |
|
|
|a 2011243855
|
| 016 |
7 |
|
|a 101568088
|2 DNLM
|
| 016 |
7 |
|
|a 019264553
|2 Uk
|
| 022 |
|
|
|a 2090-2050
|l 2090-2050
|y 2090-2042
|
| 035 |
|
|
|a (WaSeSS)ssj0000613769
|
| 040 |
|
|
|a NLM
|b eng
|c NLM
|d CUS
|d CLU
|d OCLCQ
|d OCLCF
|d OCLCO
|d OCLCQ
|d OCLCO
|d OCLCQ
|d NLM
|d AU@
|d OCLCO
|d OCLCA
|d UKMGB
|d WaSeSS
|
| 042 |
|
|
|a pcc
|
| 050 |
1 |
4 |
|a R729.5.G4
|
| 060 |
1 |
0 |
|a W1
|
| 210 |
1 |
0 |
|a Int J Family Med
|2 dnlm
|
| 210 |
0 |
|
|a Int. j. family med.
|
| 222 |
|
0 |
|a International Journal of Family Medicine (Online)
|
| 245 |
0 |
0 |
|a International journal of family medicine
|h [electronic resource].
|
| 260 |
|
|
|a Cairo :
|b Hindawi Pub. Corp.
|
| 362 |
1 |
|
|a Began in 2010; ceased with Volume 2017 (2017)
|
| 506 |
|
|
|a License restrictions may limit access.
|
| 588 |
|
|
|a Description based on: Vol. 2010; title from PDF caption (publisher's Web site, viewed Nov. 8, 2011).
|
| 588 |
|
|
|a Latest issue consulted: Vol. 2011 (viewed Nov. 8, 2011).
|
| 650 |
|
0 |
|a Family medicine
|v Periodicals.
|
| 650 |
1 |
2 |
|a Family Practice.
|
| 650 |
|
7 |
|a Family medicine.
|2 fast
|0 (OCoLC)fst00920401
|
| 655 |
|
0 |
|a Electronic journals.
|
| 776 |
0 |
8 |
|i Print version:
|t International journal of family medicine
|x 2090-2042
|
| 850 |
|
|
|a DNLM
|
| 856 |
4 |
0 |
|z Full text available from Research Library: 01/01/2014 to 01/31/2017
|u https://search.proquest.com/publication/2037458
|